000 01042cam a22002531 4500
001 gs 46000020
003 DLC
005 20260227111351.0
008 790612s1946 sdub s000 0 eng
010 _ags 46000020
035 _a(OCoLC)5057214
040 _aDLC
_cTxCM
_dDLC
042 _apremarc
050 0 0 _aGB126.S8
_bB7
100 1 _aBrookman, Harold Edwin,
_d1886-
245 1 0 _aTopography of the low lying area across the Missouri Valley-James basin divide in Hyde and Hand Counties, South Dakota,
_cby H. E. Brookman.
260 _aVermillion, South Dakota,
_bUniversity of South Dakota,
_c1946.
300 _a[1] p. l., 5 numb. l.
_bmaps (6 fold. in pocket)
490 1 _aSouth Dakota Geological Survey. Report of investigations,
_vno. 51
500 _aAt head of title: State of South Dakota. State Geological Survey.
650 0 _aPhysical geography
_zSouth Dakota
_zHyde County.
650 0 _aPhysical geography
_zSouth Dakota
_zHand County.
830 0 _aReport of investigations (South Dakota Geological Survey) ;
_vno. 51.
999 _c28057
_d28057